[Event "RA Fast Traffic-2"]
[Site "Ottawa CAN"]
[Date "1996.06.30"]
[Round "3"]
[White "Collins, Chris"]
[Black "Pacey, Kevin"]
[Result "1-0"]
[WhiteElo "2038"]
[BlackElo "2257"]
[PlyCount "107"]
[EventDate "1996.06.23"]
[EventType "swiss (rapid)"]
[EventRounds "4"]
[EventCountry "CAN"]

1. e4 c5 2. Nf3 e6 3. Nc3 Nc6 4. d4 cxd4 5. Nxd4 a6 6. Bc4 Qc7 7. O-O Nf6 8.
Bb3 Nxd4 9. Qxd4 Ng4 10. e5 Nxe5 11. Bf4 f6 12. Rfe1 Bc5 13. Bxe5 fxe5 14. Qxe5
Qxe5 15. Rxe5 Bd4 16. Re4 Bxc3 17. bxc3 b5 18. a4 Bb7 19. Rb4 Ke7 20. f3 Bc6
21. axb5 Bxb5 22. Kf2 Rhb8 23. c4 Bc6 24. Rxb8 Rxb8 25. Rxa6 Kd6 26. Ra5 e5 27.
Ke3 g5 28. c5+ Ke7 29. Bc4 h6 30. Bd3 Rb4 31. Ra7 Rh4 32. h3 Rb4 33. Kd2 h5 34.
Kc3 Rb1 35. Be4 Bxe4 36. fxe4 Ke6 37. Ra6+ Ke7 38. Rg6 g4 39. hxg4 hxg4 40.
Rxg4 Rb5 41. Kc4 Rb2 42. c3 Kf6 43. c6 dxc6 44. Kc5 Rc2 45. Rg3 Re2 46. Kxc6
Rxe4 47. Kd5 Re2 48. Rf3+ Ke7 49. g3 e4 50. Rf4 e3 51. Re4+ Kd7 52. Kd4 Rg2 53.
Rxe3 Kd6 54. Ke4 1-0

[Event "RA Fast Traffic-2"]
[Site "Ottawa CAN"]
[Date "1996.06.30"]
[Round "4"]
[White "Pacey, Kevin"]
[Black "Kosich, Dusan"]
[Result "1-0"]
[WhiteElo "2257"]
[BlackElo "1748"]
[PlyCount "77"]
[EventDate "1996.06.23"]
[EventType "swiss (rapid)"]
[EventRounds "4"]
[EventCountry "CAN"]

1. e4 c5 2. Nf3 Nc6 3. d4 cxd4 4. Nxd4 e5 5. Nb5 d6 6. c4 Nf6 7. Bg5 a6 8. Bxf6
gxf6 9. N5c3 Be6 10. Na3 Nd4 11. Nc2 Nxc2+ 12. Qxc2 Qd7 13. Be2 Rc8 14. Qa4 Rc6
15. O-O Bh6 16. Rfd1 Rg8 17. Nd5 Qd8 18. c5 Bh3 19. g3 Kf8 20. cxd6 b5 21. Qa3
Qxd6 22. Qxd6+ Rxd6 23. a4 Bd7 24. axb5 axb5 25. Nxf6 Rxf6 26. Rxd7 Rb6 27.
Raa7 Rf6 28. Bh5 Rg5 29. Bxf7 Rxf7 30. Rxf7+ Kg8 31. Rxh7 Rg7 32. Rhxg7+ Bxg7
33. Rxg7+ Kxg7 34. f4 Kf6 35. h4 b4 36. fxe5+ Kxe5 37. h5 Kxe4 38. h6 Kf5 39.
h7 1-0

[Event "RA O'Keefe"]
[Site "Ottawa CAN"]
[Date "1996.??.??"]
[Round "?"]
[White "Chyurlia, Jerome"]
[Black "Rodgers, Ron"]
[Result "1-0"]
[WhiteElo "1808"]
[BlackElo "2018"]
[PlyCount "83"]
[EventDate "1996.09.13"]
[EventType "swiss"]
[EventRounds "7"]
[EventCountry "CAN"]

1. e4 e5 2. Bc4 Nf6 3. d4 exd4 4. Nf3 Nxe4 5. Qxd4 Nf6 6. O-O Nc6 7. Re1+ Be7
8. Qh4 d5 9. Bd3 Be6 10. Nc3 Qd7 11. Bb5 Ng4 12. Bg5 f6 13. Bd2 a6 14. Bxc6
bxc6 15. h3 f5 16. Bg5 Nf6 17. Ne5 Qd6 18. Bf4 Ne4 19. Qh5+ Kd8 20. Ng6 hxg6
21. Qxh8+ Kd7 22. Qxa8 Qxf4 23. Nxe4 fxe4 24. Re3 Bc5 25. Rc3 Bxf2+ 26. Kh1 c5
27. Qxa6 Bd4 28. Qb5+ Ke7 29. Rf1 Qh4 30. Rxc5 Bxc5 31. Qxc5+ Kd7 32. Qd4 Qh5
33. c4 c6 34. Qa7+ Kd6 35. c5+ Ke5 36. Qb8+ Kd4 37. Qb4+ Ke5 38. Qc3+ d4 39.
Qg3+ Kd5 40. Qd6+ Kc4 41. Qxe6+ Kxc5 42. Qxe4 1-0

[Event "RA O'Keefe"]
[Site "Ottawa CAN"]
[Date "1996.09.12"]
[Round "1"]
[White "Pacey, Kevin"]
[Black "Danilov, Alex"]
[Result "1-0"]
[WhiteElo "2295"]
[BlackElo "1766"]
[PlyCount "77"]
[EventDate "1996.09.13"]
[EventType "swiss"]
[EventRounds "7"]
[EventCountry "CAN"]

1. Nf3 c5 2. b3 Nc6 3. Bb2 d6 4. g3 e5 5. d3 Nf6 6. Bg2 g6 7. O-O Bg7 8. Nbd2
O-O 9. c4 Rb8 10. e3 Bf5 11. Qb1 Re8 12. Ng5 Nb4 13. Nge4 Qe7 14. a3 Nc6 15.
Bc3 a6 16. b4 Nxe4 17. Nxe4 Be6 18. bxc5 dxc5 19. Qb6 Bf8 20. f4 f5 21. Ng5 e4
22. dxe4 Bxc4 23. Rfe1 h6 24. Nf3 fxe4 25. Ne5 Qe6 26. Bxe4 Nxe5 27. Qxe6+ Rxe6
28. Bxe5 Bd6 29. Rac1 Bxe5 30. Rxc4 Kg7 31. fxe5 Rxe5 32. Bb1 Rbe8 33. Kf2 b5
34. Rf4 Rd8 35. Re4 Red5 36. Re6 Rf8+ 37. Ke2 Rf6 38. Rxf6 Kxf6 39. Rd1 1-0

[Event "RA O'Keefe"]
[Site "Ottawa CAN"]
[Date "1996.09.26"]
[Round "3"]
[White "Palsson, Halldor"]
[Black "Pacey, Kevin"]
[Result "1-0"]
[WhiteElo "2114"]
[BlackElo "2295"]
[PlyCount "63"]
[EventDate "1996.09.13"]
[EventType "swiss"]
[EventRounds "7"]
[EventCountry "CAN"]

1. d4 d6 2. c4 e5 3. dxe5 dxe5 4. Qxd8+ Kxd8 5. Nc3 c6 6. Nf3 f6 7. a3 Be6 8.
e4 Nd7 9. Be3 Kc7 10. Be2 Bc5 11. Bxc5 Nxc5 12. b4 Nb3 13. Rb1 Nd4 14. Nxd4
exd4 15. Na4 Rd8 16. Nc5 Bf7 17. Rd1 Ne7 18. Nb3 Ng6 19. Rxd4 Nf4 20. Bf1 b5
21. Rxd8 Rxd8 22. Nd2 bxc4 23. Bxc4 Nxg2+ 24. Ke2 Nf4+ 25. Ke3 g5 26. Bf1 h5
27. h4 Be6 28. hxg5 fxg5 29. Nf3 Bg4 30. Nxg5 Rf8 31. f3 Bc8 32. Rh4 1-0

[Event "RA O'Keefe"]
[Site "Ottawa CAN"]
[Date "1996.10.10"]
[Round "5"]
[White "Pacey, Kevin"]
[Black "Chyurlia, Jerome"]
[Result "1/2-1/2"]
[WhiteElo "2295"]
[BlackElo "1810"]
[PlyCount "65"]
[EventDate "1996.09.13"]
[EventType "swiss"]
[EventRounds "7"]
[EventCountry "CAN"]

1. e4 c5 2. c3 Nc6 3. d4 cxd4 4. cxd4 d5 5. exd5 Qxd5 6. Nf3 Nf6 7. Nc3 Qd8 8.
d5 Nb8 9. Bc4 g6 10. Bf4 a6 11. Qa4+ Nbd7 12. Ng5 Bg7 13. Ne6 fxe6 14. dxe6 Rf8
15. Rd1 Nh5 16. Be3 Bxc3+ 17. bxc3 Qc7 18. O-O Qc6 19. Qxc6 bxc6 20. exd7+ Bxd7
21. Rfe1 e6 22. Rd6 Nf6 23. Bh6 Rf7 24. Bxe6 Bxe6 25. Rexe6+ Re7 26. Rxc6 Nd5
27. c4 Nb4 28. Rxe7+ Kxe7 29. Rc7+ Kf6 30. a4 Rd8 31. h4 Re8 32. g4 Nd3 33.
Bg7+ 1/2-1/2

[Event "RA Spring op"]
[Site "Ottawa CAN"]
[Date "1996.??.??"]
[Round "?"]
[White "Atwell, Jim"]
[Black "Webb, Robert"]
[Result "0-1"]
[WhiteElo "1720"]
[BlackElo "1923"]
[PlyCount "80"]
[EventDate "1996.03.15"]
[EventType "swiss"]
[EventRounds "5"]
[EventCountry "CAN"]
[SourceDate "2011.01.01"]

1. e4 e6 2. d4 d5 3. e5 c5 4. c3 Nc6 5. Be3 Qb6 6. Qd2 cxd4 7. cxd4 Bb4 8. Nc3
Bd7 9. f4 f5 10. Be2 Nh6 11. h3 O-O-O 12. Nf3 Nf7 13. O-O Kb8 14. a3 Be7 15. b4
Rc8 16. b5 Na5 17. Rfb1 Nc4 18. Bxc4 Rxc4 19. Rb3 Rhc8 20. Qb2 Qc7 21. Bd2 g5
22. a4 g4 23. hxg4 fxg4 24. Ne1 Rxd4 25. a5 Bc5 26. Kf1 b6 27. Na4 Rc4 28. axb6
axb6 29. Nxc5 Qxc5 30. Qa2 Kc7 31. Nd3 Qd4 32. Be1 Qe4 33. Bh4 Rb8 34. Re1 Qf5
35. Qa3 Rb7 36. Be7 g3 37. Bd6+ Nxd6 38. Qxd6+ Kc8 39. Ra3 Rb8 40. Nb2 Rxf4+
0-1

[Event "RA Spring op"]
[Site "Ottawa CAN"]
[Date "1996.03.16"]
[Round "1"]
[White "Pacey, Kevin"]
[Black "Marthi, Bhaskara"]
[Result "1-0"]
[WhiteElo "2304"]
[BlackElo "2014"]
[PlyCount "45"]
[EventDate "1996.03.15"]
[EventType "swiss"]
[EventRounds "5"]
[EventCountry "CAN"]

1. e4 c5 2. Nf3 d6 3. d4 cxd4 4. Nxd4 Nf6 5. Nc3 a6 6. Bc4 e6 7. Bb3 b5 8. f4
Be7 9. O-O Bb7 10. Bxe6 fxe6 11. Nxe6 Qb6+ 12. Kh1 Rg8 13. Nd5 Bxd5 14. exd5
Nbd7 15. Re1 Nf8 16. Nd4 Ng6 17. Nc6 Kf7 18. Qe2 Rge8 19. Qe6+ Kf8 20. f5 Bd8
21. Qxd6+ Be7 22. Qg3 Bd6 23. Qxd6+ 1-0

[Event "RA Spring op"]
[Site "Ottawa CAN"]
[Date "1996.03.16"]
[Round "2"]
[White "Linskiy, Oleg"]
[Black "Pacey, Kevin"]
[Result "1/2-1/2"]
[WhiteElo "2285"]
[BlackElo "2304"]
[PlyCount "126"]
[EventDate "1996.03.15"]
[EventType "swiss"]
[EventRounds "5"]
[EventCountry "CAN"]

1. e4 d6 2. d4 Nf6 3. Nc3 g6 4. f3 c6 5. Be3 Nbd7 6. Qd2 Qc7 7. Nge2 b5 8. g4
b4 9. Nd1 a5 10. Ng3 h5 11. g5 Ng8 12. h4 Nb6 13. a3 Qb8 14. axb4 axb4 15. Rxa8
Nxa8 16. Bd3 e6 17. d5 Ne7 18. dxe6 fxe6 19. Bd4 e5 20. Be3 Nc7 21. f4 exf4 22.
Bxf4 Ne6 23. Bc4 Nxf4 24. Qxf4 Kd7 25. Be6+ Kxe6 26. Qf6+ Kd7 27. Qxh8 Ba6 28.
Qf6 Qe8 29. Kd2 Ng8 30. Qf2 c5 31. e5 Qxe5 32. Qxf8 Qxg3 33. Re1 Qh2+ 34. Qf2
Qxf2+ 35. Nxf2 Bb7 36. Nd3 Ne7 37. Nf4 Bf3 38. Ne6 Ke8 39. Kd3 Bg4 40. Kc4
Bxe6+ 41. Rxe6 Kd7 42. Rf6 Kc6 43. c3 bxc3 44. bxc3 Kc7 45. Kb5 Kd7 46. c4 Kc7
47. Rf7 Kd7 48. Kb6 Ke6 49. Rg7 Kd7 50. Kb7 d5 51. cxd5 c4 52. Rf7 Kd6 53. Kb6
c3 54. Kb5 Nxd5 55. Rf1 c2 56. Rc1 Ne3 57. Kb4 Ke5 58. Kc3 Kf4 59. Kd2 Nf5 60.
Rxc2 Nxh4 61. Ke2 Kxg5 62. Kf2 Nf5 63. Rc5 h4 1/2-1/2

[Event "RA Spring op"]
[Site "Ottawa CAN"]
[Date "1996.03.16"]
[Round "3"]
[White "Pacey, Kevin"]
[Black "Taylor, Gordon"]
[Result "0-1"]
[WhiteElo "2304"]
[BlackElo "2442"]
[PlyCount "80"]
[EventDate "1996.03.15"]
[EventType "swiss"]
[EventRounds "5"]
[EventCountry "CAN"]

1. e4 c5 2. Nf3 e6 3. Nc3 d6 4. g3 Nc6 5. Bg2 Nf6 6. O-O Be7 7. d3 O-O 8. Be3
Ng4 9. Bf4 e5 10. Bd2 f5 11. exf5 Bxf5 12. Nd5 Qd7 13. Nxe7+ Nxe7 14. Ng5 Rae8
15. Ne4 Nf6 16. Nxf6+ Rxf6 17. Bg5 Rff8 18. c3 Nc6 19. Be3 Bg4 20. f3 Bh3 21.
Bxh3 Qxh3 22. Qb3+ Rf7 23. Qd5 Re6 24. Rae1 h6 25. d4 cxd4 26. cxd4 exd4 27.
Bf4 Rxe1 28. Rxe1 Qf5 29. Qxd6 Kh7 30. Qe6 Qxe6 31. Rxe6 g5 32. Bd6 Rxf3 33.
Kg2 Rf7 34. Bc5 Rd7 35. Kf2 Rd5 36. b4 d3 37. Ke1 Ne5 38. Re7+ Kg6 39. Rxb7 d2+
40. Kd1 Nc4 0-1

[Event "RA Spring op"]
[Site "Ottawa CAN"]
[Date "1996.03.17"]
[Round "4"]
[White "Gordon, David"]
[Black "Pacey, Kevin"]
[Result "0-1"]
[WhiteElo "2103"]
[BlackElo "2304"]
[PlyCount "82"]
[EventDate "1996.03.15"]
[EventType "swiss"]
[EventRounds "5"]
[EventCountry "CAN"]

1. d4 Nf6 2. c4 e6 3. Nc3 Bb4 4. Nf3 c5 5. e3 O-O 6. Bd3 Bxc3+ 7. bxc3 Nc6 8.
O-O d6 9. Bb2 e5 10. Nd2 Re8 11. Qb1 Qe7 12. Ne4 h6 13. Rd1 Nxe4 14. Bxe4 Na5
15. Bd5 e4 16. Qc2 Rb8 17. Rf1 Bg4 18. Rae1 Rbc8 19. h3 Bh5 20. f3 exf3 21. g4
Qg5 22. Rxf3 cxd4 23. cxd4 Qxd5 24. Rf5 Qxc4 25. Qf2 Bg6 26. Rxa5 Qb4 27. Ra3
Rc2 28. Rb3 Qc4 29. Qf1 Qd5 30. Re2 Rec8 31. e4 Bxe4 32. Rbe3 Rxe2 33. Rxe2 Bd3
34. Qg2 Qxa2 35. Qxb7 Qb1+ 36. Kf2 Rc2 37. Rxc2 Qxc2+ 38. Kg1 Be4 39. Qb8+ Kh7
40. Kf1 Qg2+ 41. Ke1 Bd3 0-1

[Event "RA Spring op"]
[Site "Ottawa CAN"]
[Date "1996.03.17"]
[Round "5"]
[White "Pacey, Kevin"]
[Black "Kamat, Anand"]
[Result "1-0"]
[WhiteElo "2304"]
[BlackElo "2412"]
[PlyCount "49"]
[EventDate "1996.03.15"]
[EventType "swiss"]
[EventRounds "5"]
[EventCountry "CAN"]

1. e4 e6 2. d4 d5 3. Nc3 Nf6 4. Bg5 Be7 5. e5 Nfd7 6. h4 a6 7. Qg4 f5 8. Qh5+
g6 9. Qh6 Bxg5 10. hxg5 Qe7 11. Nge2 Nf8 12. Nf4 c6 13. O-O-O b5 14. Bd3 Bb7
15. g4 Nbd7 16. gxf5 exf5 17. e6 Nb6 18. Nxg6 Nxg6 19. Qxg6+ hxg6 20. Rxh8+ Qf8
21. Rdh1 Bc8 22. R1h6 Qxh8 23. Rxh8+ Ke7 24. Rh7+ Kxe6 25. Rg7 1-0

[Event "RA Summer Pickup #1"]
[Site "Ottawa CAN"]
[Date "1996.05.02"]
[Round "1"]
[White "Pacey, Kevin"]
[Black "Devenport, Martin"]
[Result "1-0"]
[WhiteElo "2257"]
[BlackElo "2247"]
[PlyCount "81"]
[EventDate "1996.05.03"]
[EventType "swiss"]
[EventRounds "6"]
[EventCountry "CAN"]

1. e4 e5 2. Nf3 Nc6 3. Bc4 Bc5 4. b4 Bxb4 5. c3 Be7 6. Qb3 Nh6 7. d4 Na5 8. Qb5
Nxc4 9. Bxh6 gxh6 10. Qxc4 exd4 11. cxd4 c6 12. Nc3 d6 13. O-O Rg8 14. Kh1 Qd7
15. Rg1 b5 16. Qd3 b4 17. Nd1 a5 18. Ne3 Ba6 19. Qc2 Rg6 20. Nc4 Bxc4 21. Qxc4
Qb7 22. Rac1 Ra6 23. d5 cxd5 24. exd5 Kf8 25. Nd4 Bf6 26. Rge1 Rg5 27. Nc6 Ra8
28. Qf4 Kg7 29. Qxd6 Qb5 30. Qc5 Rxd5 31. Qe3 Qd3 32. Qb6 Qd2 33. Nb8 Bd4 34.
Qb7 Bxf2 35. Rf1 Rxb8 36. Qxb8 Rg5 37. Qb7 Rf5 38. Qe4 Rf6 39. Qc4 Bd4 40. Rfd1
Rd6 41. Rxd2 1-0

[Event "RA Summer Pickup #1"]
[Site "Ottawa CAN"]
[Date "1996.05.09"]
[Round "2"]
[White "Djerkovic, Miladin"]
[Black "Pacey, Kevin"]
[Result "0-1"]
[WhiteElo "2371"]
[BlackElo "2257"]
[PlyCount "78"]
[EventDate "1996.05.03"]
[EventType "swiss"]
[EventRounds "6"]
[EventCountry "CAN"]

1. e4 e5 2. Nf3 Nf6 3. d4 Nxe4 4. Bd3 d5 5. Nxe5 Nd7 6. Nxd7 Bxd7 7. O-O Qh4 8.
c4 O-O-O 9. c5 Re8 10. Nc3 Nxf2 11. Rxf2 Qxd4 12. Ne2 Qxc5 13. Qf1 Bb5 14. Nf4
Bxd3 15. Nxd3 Qb6 16. Bf4 f6 17. Rc1 Bd6 18. Bxd6 Qxd6 19. Rfc2 c6 20. b4 Kb8
21. a4 Rc8 22. Nc5 b6 23. Nd3 Rhe8 24. a5 Re7 25. axb6 axb6 26. Qf5 Ree8 27.
Qf2 d4 28. Rc4 Re3 29. Qc2 b5 30. Rc5 Qe6 31. Qd2 g5 32. R5c2 Qf5 33. Ne1 Qe4
34. Rd1 d3 35. Nxd3 Rd8 36. Qf2 Rdxd3 37. Rdc1 Rd6 38. Ra2 Re6 39. h3 Qxb4 0-1

[Event "RA Summer Pickup #1"]
[Site "Ottawa CAN"]
[Date "1996.05.16"]
[Round "3"]
[White "Pacey, Kevin"]
[Black "Guo, Xin"]
[Result "1-0"]
[WhiteElo "2257"]
[BlackElo "2149"]
[PlyCount "43"]
[EventDate "1996.05.03"]
[EventType "swiss"]
[EventRounds "6"]
[EventCountry "CAN"]

1. d4 Nf6 2. Nc3 c5 3. d5 d6 4. e4 g6 5. Nf3 Bg7 6. Be2 O-O 7. O-O Bg4 8. Nd2
Bxe2 9. Qxe2 Na6 10. Nc4 Nc7 11. a4 Nd7 12. Bg5 Ne5 13. Ne3 h6 14. Bh4 f5 15.
f4 g5 16. fxe5 gxh4 17. Nxf5 e6 18. Nxg7 Kxg7 19. Rxf8 Qxf8 20. Rf1 Qe7 21.
exd6 Qxd6 22. Qg4+ 1-0

[Event "RA Summer Pickup #1"]
[Site "Ottawa CAN"]
[Date "1996.05.23"]
[Round "4"]
[White "Gordon, David"]
[Black "Pacey, Kevin"]
[Result "1-0"]
[WhiteElo "2231"]
[BlackElo "2257"]
[PlyCount "109"]
[EventDate "1996.05.03"]
[EventType "swiss"]
[EventRounds "6"]
[EventCountry "CAN"]

1. d4 d6 2. e4 Nf6 3. Nc3 g6 4. Bg5 Bg7 5. e5 Ng4 6. h3 Nh6 7. Qd2 Nf5 8. g4 h6
9. gxf5 hxg5 10. fxg6 dxe5 11. gxf7+ Kf8 12. d5 c6 13. O-O-O cxd5 14. Qxd5 Qxd5
15. Nxd5 Nc6 16. Bg2 Kxf7 17. Ne2 Rh4 18. Ng3 Nd4 19. Nc7 Rb8 20. c3 Nc6 21.
Bd5+ e6 22. Bf3 Ke7 23. Bg4 Bd7 24. Nb5 Rbh8 25. Rhe1 Nb4 26. Rxd7+ Kxd7 27.
cxb4 Kc6 28. Nc3 R4h6 29. Nge4 Rg6 30. Rd1 Bf8 31. a3 Be7 32. Kc2 b6 33. Kb3 a6
34. Rd3 Rd8 35. Rxd8 Bxd8 36. Kc4 b5+ 37. Kd3 Bb6 38. Ke2 Bd4 39. Kd3 Rh6 40.
Kd2 Rg6 41. f3 Kb6 42. Kd3 Kc6 43. Nd2 Rf6 44. Nb3 Bxc3 45. bxc3 Rf8 46. Nc5
Rd8+ 47. Kc2 e4 48. Nxe4 Rd5 49. Bxe6 Re5 50. Bg4 Kd5 51. Bd7 Re7 52. Kd3 Ke5
53. Bg4 Kf4 54. Kd4 Rc7 55. Nc5 1-0

[Event "RA Summer Pickup #1"]
[Site "Ottawa CAN"]
[Date "1996.05.30"]
[Round "5"]
[White "Pacey, Kevin"]
[Black "Ferguson, Peter"]
[Result "0-1"]
[WhiteElo "2257"]
[BlackElo "2276"]
[PlyCount "72"]
[EventDate "1996.05.03"]
[EventType "swiss"]
[EventRounds "6"]
[EventCountry "CAN"]

1. e4 e6 2. d4 c5 3. Nf3 Nf6 4. e5 Nd5 5. c4 Nb6 6. d5 d6 7. Bg5 Be7 8. Bxe7
Kxe7 9. Nc3 dxe5 10. d6+ Qxd6 11. Qxd6+ Kxd6 12. Nb5+ Ke7 13. Nc7 Nc6 14. Nxa8
Nxa8 15. O-O-O f5 16. Ne1 e4 17. Nc2 Nb6 18. Be2 e5 19. Rhe1 Be6 20. b3 Nd4 21.
f3 Nxc2 22. Kxc2 e3 23. f4 exf4 24. h4 h6 25. h5 Kf6 26. Rd3 Nd7 27. Rf1 Ne5
28. Rd6 Nc6 29. Rxf4 Ke5 30. Rxc6 bxc6 31. g3 Rd8 32. Bd3 Rd4 33. Rf3 f4 34.
gxf4+ Rxf4 35. Rxe3+ Kf6 36. Be4 Rxe4 0-1

[Event "RA Summer Pickup #1"]
[Site "Ottawa CAN"]
[Date "1996.06.06"]
[Round "6"]
[White "Dunn, David"]
[Black "Pacey, Kevin"]
[Result "0-1"]
[WhiteElo "2110"]
[BlackElo "2257"]
[PlyCount "40"]
[EventDate "1996.05.03"]
[EventType "swiss"]
[EventRounds "6"]
[EventCountry "CAN"]

1. e4 Nc6 2. d4 d5 3. Nc3 e5 4. dxe5 d4 5. Nd5 Nge7 6. Nxe7 Qxe7 7. Nf3 Bg4 8.
Be2 Bxf3 9. Bxf3 O-O-O 10. Bg4+ Kb8 11. f4 d3 12. c3 h5 13. Bf3 g5 14. fxg5
Nxe5 15. Bd2 Ng4 16. h3 Qe5 17. hxg4 Bc5 18. Kf1 hxg4 19. Rh6 Rxh6 20. gxh6 Qh2
0-1

[Event "RA Summer Pickup #2"]
[Site "Ottawa CAN"]
[Date "1996.06.13"]
[Round "1"]
[White "Pacey, Kevin"]
[Black "Djerkovic, Miladin"]
[Result "0-1"]
[WhiteElo "2257"]
[BlackElo "2371"]
[PlyCount "70"]
[EventDate "1996.06.13"]
[EventType "swiss"]
[EventRounds "6"]
[EventCountry "CAN"]

1. Nf3 Nf6 2. c4 g6 3. b4 Bg7 4. Bb2 O-O 5. d3 c6 6. Nbd2 d5 7. g3 Nbd7 8. Bg2
Re8 9. O-O e5 10. cxd5 Nxd5 11. Qb3 Qe7 12. a3 a5 13. bxa5 Rxa5 14. Nc4 Rb5 15.
Qa2 Rxb2 16. Nxb2 Nc3 17. Qb3 Nxe2+ 18. Kh1 Nc5 19. Qb4 e4 20. dxe4 Bc3 21. Qb6
Be6 22. Rae1 Ra8 23. Nd3 Na4 24. Qe3 Bxe1 25. Rxe1 Nec3 26. Nf4 Qc5 27. Nxe6
Qxe3 28. Rxe3 fxe6 29. e5 Nd5 30. Rb3 Nc5 31. Rb1 Rxa3 32. Ng5 h6 33. Ne4 Nxe4
34. Bxe4 Nc3 35. Rb4 c5 0-1

[Event "RA Summer Pickup #2"]
[Site "Ottawa CAN"]
[Date "1996.06.20"]
[Round "2"]
[White "Patterson, Roger"]
[Black "Pacey, Kevin"]
[Result "1-0"]
[WhiteElo "2300"]
[BlackElo "2257"]
[PlyCount "103"]
[EventDate "1996.06.13"]
[EventType "swiss"]
[EventRounds "6"]
[EventCountry "CAN"]

1. e4 Nc6 2. d4 d5 3. Nc3 e5 4. dxe5 d4 5. Nd5 Nge7 6. Bg5 Be6 7. Nf4 Qd7 8.
Nf3 h6 9. Nxe6 Qxe6 10. Bd2 O-O-O 11. Bb5 Nxe5 12. Nxe5 Qxe5 13. Qe2 Ng6 14. g3
Bc5 15. f4 Qe7 16. O-O-O Bb4 17. Kb1 Bxd2 18. Rxd2 Qb4 19. Rhd1 c6 20. Bc4 Rhf8
21. Rxd4 Rxd4 22. Rxd4 Kc7 23. Qd2 Qxd2 24. Rxd2 Ne7 25. Kc1 Nc8 26. Be2 Nd6
27. e5 Ne4 28. Rd4 Nc5 29. Bg4 a5 30. a3 a4 31. Kd2 f5 32. Bf3 g5 33. Rd6 g4
34. Bg2 Rd8 35. Rxd8 Kxd8 36. Ke3 Ke7 37. Bf1 Ke6 38. Bc4+ Kd7 39. Bd3 Ke6 40.
Kd4 b6 41. Kc4 h5 42. b4 axb3 43. cxb3 Nd7 44. a4 Nb8 45. b4 Na6 46. Kc3 Nc7
47. Bc4+ Ke7 48. Kd4 b5 49. axb5 cxb5 50. Bd3 Ke6 51. Kc5 h4 52. Bxb5 1-0

[Event "RA Summer Pickup #2"]
[Site "Ottawa CAN"]
[Date "1996.06.27"]
[Round "3"]
[White "Gordon, David"]
[Black "Pacey, Kevin"]
[Result "0-1"]
[WhiteElo "2231"]
[BlackElo "2257"]
[PlyCount "160"]
[EventDate "1996.06.13"]
[EventType "swiss"]
[EventRounds "6"]
[EventCountry "CAN"]

1. d4 e6 2. Nf3 d5 3. c4 Nf6 4. Bg5 Be7 5. Nc3 O-O 6. e3 Nbd7 7. Rc1 c6 8. Bd3
dxc4 9. Bxc4 Nd5 10. Bxe7 Qxe7 11. O-O Nxc3 12. Rxc3 e5 13. dxe5 Nxe5 14. Nxe5
Qxe5 15. f4 Qe4 16. Qe2 Re8 17. Qh5 Qg6 18. Qxg6 hxg6 19. Kf2 Bf5 20. Rd1 Rad8
21. Rcc1 Kf8 22. Be2 Be6 23. b3 a5 24. Rxd8 Rxd8 25. Rd1 Ra8 26. Bc4 Ke7 27.
Bxe6 Kxe6 28. e4 c5 29. a4 Rc8 30. Rc1 b6 31. Ke3 Rd8 32. Ke2 Rd4 33. Rc4 Rd8
34. g3 f6 35. h3 g5 36. Rc3 Rh8 37. fxg5 fxg5 38. Kf3 Rxh3 39. Kg4 Rh6 40. Kxg5
Ke5 41. Rd3 Re6 42. Rd7 Kxe4 43. Rxg7 Kd3 44. Kf5 Rc6 45. Re7 Kc3 46. Re3+ Kb4
47. g4 c4 48. bxc4 Kxa4 49. g5 Kb4 50. Re6 Rc5+ 51. Re5 Rxe5+ 52. Kxe5 a4 53.
g6 a3 54. g7 a2 55. g8=Q a1=Q+ 56. Kd5 Qh1+ 57. Kd6 Qe4 58. Qf7 Qxc4 59. Qa7
Qc5+ 60. Ke6 b5 61. Qa1 Qc3 62. Qh1 Ka3 63. Ke7 b4 64. Qa8+ Kb2 65. Qg2+ Qc2
66. Qf1 b3 67. Ke8 Qc6+ 68. Kd8 Qd6+ 69. Kc8 Qe6+ 70. Kb8 Qd6+ 71. Kb7 Ka2 72.
Qc4 Ka3 73. Qc1+ b2 74. Qb1 Kb3 75. Ka7 Qc5+ 76. Ka6 Qc2 77. Qh1 b1=Q 78. Qb7+
Ka2 79. Qd5+ Qbb3 80. Qa5+ Qa4 0-1

[Event "RA Summer Pickup #2"]
[Site "Ottawa CAN"]
[Date "1996.07.04"]
[Round "4"]
[White "Pacey, Kevin"]
[Black "Dunn, David"]
[Result "1-0"]
[WhiteElo "2307"]
[BlackElo "2084"]
[PlyCount "77"]
[EventDate "1996.06.13"]
[EventType "swiss"]
[EventRounds "6"]
[EventCountry "CAN"]

1. e4 c5 2. c3 d5 3. exd5 Qxd5 4. d4 Nc6 5. Nf3 cxd4 6. cxd4 e5 7. Nc3 Bb4 8.
Bd2 Bxc3 9. Bxc3 e4 10. Ne5 Nxe5 11. dxe5 Ne7 12. Qa4+ Bd7 13. Qb4 a5 14. Qd6
Qxd6 15. exd6 Nf5 16. O-O-O Bc6 17. d7+ Ke7 18. Bc4 Rhd8 19. Rhe1 Nd6 20. Bd5
f6 21. f3 Rxd7 22. Bxc6 bxc6 23. Rd4 Nb5 24. Rexe4+ Kd8 25. Rxd7+ Kxd7 26. Rg4
Nxc3 27. Rxg7+ Kd6 28. bxc3 a4 29. Rxh7 a3 30. Rh4 Re8 31. Rd4+ Kc5 32. Re4 Rb8
33. Rb4 Rg8 34. g3 Re8 35. Kd2 Rd8+ 36. Kc2 Re8 37. Kd3 Rd8+ 38. Rd4 Rb8 39.
Rc4+ 1-0

[Event "RA Summer Pickup #2"]
[Site "Ottawa CAN"]
[Date "1996.07.11"]
[Round "5"]
[White "Marshall, Peter"]
[Black "Pacey, Kevin"]
[Result "1-0"]
[WhiteElo "2240"]
[BlackElo "2307"]
[PlyCount "59"]
[EventDate "1996.06.13"]
[EventType "swiss"]
[EventRounds "6"]
[EventCountry "CAN"]

1. d4 e6 2. c4 d5 3. Nc3 Be7 4. Nf3 Nf6 5. e3 O-O 6. Bd3 Nbd7 7. O-O c5 8. Qe2
cxd4 9. exd4 dxc4 10. Bxc4 Nb6 11. Bd3 Nbd5 12. Bg5 h6 13. Bd2 b6 14. Rac1 Bb7
15. Ne5 Nxc3 16. bxc3 Rc8 17. Rfe1 Bd6 18. Bf4 Ba3 19. Rc2 Nd5 20. Bd2 Nf6 21.
Qe3 Bd6 22. Qg3 Kh8 23. Bf4 Bxe5 24. Rxe5 Nd5 25. Bg5 Qc7 26. Qh3 f6 27. Bxh6
fxe5 28. Bg5+ Kg8 29. Qh7+ Kf7 30. Bg6# 1-0

[Event "RA Summer Pickup #3"]
[Site "Ottawa CAN"]
[Date "1996.07.25"]
[Round "1"]
[White "Pacey, Kevin"]
[Black "Patterson, Roger"]
[Result "0-1"]
[WhiteElo "2307"]
[BlackElo "2276"]
[PlyCount "58"]
[EventDate "1996.07.25"]
[EventType "swiss"]
[EventRounds "6"]
[EventCountry "CAN"]

1. e4 c5 2. Nf3 d6 3. d4 cxd4 4. Nxd4 Nf6 5. Nc3 e6 6. Bc4 Be7 7. O-O O-O 8. f4
Nxe4 9. Nxe4 d5 10. Bd3 dxe4 11. Bxe4 Bc5 12. c3 Nd7 13. Bc2 Nf6 14. Qd3 b6 15.
Rd1 Bb7 16. Qe2 Qc7 17. c4 Rad8 18. Be3 e5 19. Nb5 Bxe3+ 20. Qxe3 Qxc4 21. Bd3
Qc6 22. Bf1 exf4 23. Qxf4 Qc5+ 24. Qf2 Qxf2+ 25. Kxf2 Ne4+ 26. Ke3 Rde8 27. Kd4
a6 28. Nc7 Re7 29. Bxa6 Rd8+ 0-1

[Event "RA Summer Pickup #3"]
[Site "Ottawa CAN"]
[Date "1996.08.01"]
[Round "2"]
[White "Guo, Xin"]
[Black "Pacey, Kevin"]
[Result "1-0"]
[WhiteElo "2239"]
[BlackElo "2307"]
[PlyCount "33"]
[EventDate "1996.07.25"]
[EventType "swiss"]
[EventRounds "6"]
[EventCountry "CAN"]

1. d4 Nf6 2. Nf3 g6 3. Bg5 Bg7 4. Nbd2 d5 5. e3 Bf5 6. c4 c6 7. cxd5 cxd5 8.
Qb3 Qb6 9. Bb5+ Nc6 10. Ne5 Rc8 11. Rc1 Ne4 12. Nxe4 Bxe4 13. f3 Bf5 14. Qxd5
Bxe5 15. Qxe5 f6 16. Bxf6 Kf7 17. Rxc6 1-0

[Event "RA Summer Pickup #3"]
[Site "Ottawa CAN"]
[Date "1996.08.15"]
[Round "4"]
[White "Djerkovic, Miladin"]
[Black "Pacey, Kevin"]
[Result "1/2-1/2"]
[WhiteElo "2345"]
[BlackElo "2307"]
[PlyCount "85"]
[EventDate "1996.07.25"]
[EventType "swiss"]
[EventRounds "6"]
[EventCountry "CAN"]

1. e4 d6 2. d4 g6 3. Nf3 Bg7 4. Be2 Nf6 5. Nc3 O-O 6. O-O Bg4 7. Be3 Nfd7 8.
Qd2 Nc6 9. h3 Bxf3 10. Bxf3 Nb6 11. b3 e5 12. Ne2 exd4 13. Nxd4 Nxd4 14. Bxd4
Bxd4 15. Qxd4 Qh4 16. Rad1 Rfe8 17. Qc3 Qe7 18. a4 c5 19. Rd2 Rad8 20. Rfd1 f6
21. a5 Na8 22. b4 b6 23. Rd3 Nc7 24. axb6 axb6 25. Qd2 Nb5 26. c3 Kg7 27. e5
cxb4 28. exd6 Nxd6 29. Re3 Qc7 30. cxb4 Nc4 31. Qc3 Rxd1+ 32. Bxd1 Rxe3 33.
fxe3 b5 34. Be2 Qc6 35. Bf3 Qb6 36. Qd4 Qxd4 37. exd4 Kf8 38. Kf2 Ke7 39. Bc6
Nd6 40. g4 Ke6 41. h4 h6 42. Ke3 g5 43. hxg5 1/2-1/2